Antropología de San Ireneo

Uloženo v:
Podrobná bibliografie
Hlavní autor: Orbe, Antonio (autor)
Médium: Kniha
Jazyk:španělština
Vydáno: Madrid Biblioteca de Autores Cristianos 1969
Edice:Biblioteca de Autores Cristianos
Témata:
Tagy: Přidat tag
Žádné tagy, Buďte první, kdo vytvoří štítek k tomuto záznamu!

MARC

LEADER 00000nam a2200000 a 4500
001 UCL4438
003 CL-VaPUC
008 040116e19690307SP |||||||||||||||||spa|d
082 0 4 |a 233  |b ORB  |2 21 
100 |a Orbe, Antonio  |e autor  |9 481965 
245 1 0 |a Antropología de San Ireneo 
300 |a 547 p 
942 |c BK 
945 |d 20040116 00:00:00  |a vberengu 
260 |a Madrid  |b Biblioteca de Autores Cristianos  |c 1969 
600 0 7 |a SAN IRENEO  |2 CL-VaPUC  |9 481803 
650 0 |a Antropología cristiana  |9 408739 
650 0 |a Cuerpo humano  |9 257169 
650 0 |a Filosofía cristiana   |9 265980 
583 |a last modification  |c 20040116 00:00:00  |k Rodrigo Vera 
490 0 |a Biblioteca de Autores Cristianos 
999 |c 307268  |d 307266 
952 |0 0  |1 0  |4 0  |6 233_000000000000000_ORB_1969  |7 0  |8 A  |9 373042  |a BIBTEO  |b BIBTEO  |d 2019-11-21  |i 2101629  |l 1  |m 1  |o 233 ORB 1969  |p 2101629  |r 2025-01-17  |s 2024-09-17  |w 2019-11-21  |y BK  |k ICR